000
00205nam a2200085Ia 4500
008
120527s9999 xx 000 0 und d
100
_a
WALTON & WYKOFF
245
_a
Understanding Economics today
942
_c
BK
999
_c
26900
_d
26900